10 COULEURS EN 25 SECONDES - Statistiques

Statistiques générales
  • Ce quiz a été pris 537 fois
  • Le résultat moyen est 9 sur 10
Statistiques - réponses
Réponse % Correct
2 bleu
98%
1 rouge
97%
4 vert
96%
7 jaune
95%
10 violet
92%
5 noir
86%
6 blanc
84%
9 orange
82%
3 rose
79%
8 marron
62%
Aucun quiz correspondant
Distribution des résultats
% des personnes avec chaque résultat
Percentile par nombre de réponses
Votre historique - résultats
Vous n’avez pas pris ce quiz